2025–2026 English Premier League Team Logos - Statistics

General Stats
  • This quiz has been taken 1,044 times
    708 since last reset
  • The average score is 18 of 20
Answer Stats
Picture Answer % Correct
Liverpool
99%
Manchester United
99%
Arsenal
98%
Chelsea
97%
Manchester City
97%
Tottenham Hotspur
96%
Wolverhampton Wanderers
95%
Newcastle United
94%
West Ham
94%
Aston Villa
93%
Everton
93%
Nottingham Forest
93%
Brighton & Hove Albion
91%
Leeds United
90%
Crystal Palace
88%
Brentford
82%
Sunderland
82%
Bournemouth
81%
Fulham
79%
Burnley
78%
No matching quizzes found
Score Distribution
Percent of People with Each Score
Percentile by Number Answered
Your Score History
You have not taken this quiz since the last reset